Sports Quiz

Random Sports or Soccer Quiz

► Athletes Hall of Fame: 'L' Quiz Stats

 Plays Quiz not verified by Sporcle

Score 0/20 Timer 05:00
0 Plays Today
% Correct
Bruce Lee - Martial artist
96.8%
Joe Louis - Boxer
90.4%
Gao Ling - Badminton player
90.2%
Lisa Leslie - Basketball player
90.1%
Ivan Lendl - Tennis player
89.7%
Carl Lewis - Track and field athlete
88.1%
Larisa Latynina - Gymnasts
88.1%
Jerry Lucas - Basketball player
86.8%
Lennox Lewis - Boxer
86%
Mario Lemieux - Ice hockey player
83.6%
% Correct
Jack Lambert - Football player
78.6%
Guy Lafleur - Ice hockey player
76.4%
Niki Lauda - Driver (F1)
75.3%
Frank Lampard - Soccer player
74.6%
Jonah Lomu - Rugby player
72.4%
Sébastien Loeb - Driver (WRC)
70.4%
Bob Lilly - Football player
69.6%
Brian Lara - Cricketer
62%
Brian Leetch - Ice hockey player
61.3%
Henrik Lundqvist - Ice hockey player
55.3%

You're not logged in!

Compare scores with friends on all Sporcle quizzes.
OR
Log In

Show Comments

Extras

Top Quizzes Today


Score Distribution

Your Account Isn't Verified!

In order to create a playlist on Sporcle, you need to verify the email address you used during registration. Go to your Sporcle Settings to finish the process.

Report this User

Report this user for behavior that violates our Community Guidelines.

Details: